000 01106nam a2200373 c 4500
001
003 DO-SdBNP
005 20240718114355.0
008 170403s2006 sp a|||| 000 1 spa
020 _a8421694278
040 _aBPMSU
_bspa
_cBPMSU
_e
080 _a
082 4 _a863.6
_bL864u 2006
_222
100 1 _aLópez Narváez, Concha
_d1939-
_0
245 1 3 _aUn puñado de miedos /
_cConcha López Narváez, dibujos de Rafael Salmerón
250 _a5a. ed.
260 _aLeón, España :
_bEditorial Everest.
_c200
300 _a169 p.;
_bil. ;
_c21 cm
336 _aTexto (visual)
_2isbdcontent
337 _asin mediación
_2isbdmedia
490 0 _aCuentos,
_v156
590 _aInventariado, 2024/VM
_6
648 _a
650 4 _aCuentos juveniles españoles
650 4 _aliteratura juvenil española
655 7 _aLibros infantiles
_2tgfbne
655 4 _aLibros ilustrados
_2
655 4 _2
700 1 _aSalmerón, Carmelo
700 1 _aSalmerón López, Rafael
_d1972-
_eilustrador
910 _aVMateo V. Control de calidad. BPMSU
942 _2ddc
_cBK
956 _a
999 _c14738
_d14738